000
00317nam a22001337a 4500
008
170615b xxu||||| |||| 00| 0 eng d
020
_a
0761828761
041
_a
eng
080
_a
32
100
_a
20
101
_a
SHP
245
_a
ETHNICITIES, COMMUNITY, MAKING AND AGRARIAN CHANGE
_c
ILAHIANE, H
942
_2
udc
_c
BK
999
_c
17663
_d
17663